000 01010nam a2200229Ia 4500
999 _c25184
_d25184
003 OSt
005 20210129122906.0
008 160316s2008 xxu||||| |||| 00| 0 eng d
020 _a9781405718684
040 _c.
082 _a348.022 BEN
_bBEN
100 _aBennion Francis
245 _aStatutory interpretation
250 _a5th
260 _aLondon
_bButterworths
_c2008
300 _a1579p
_clxxvi
365 _bRs. 28,438
505 _aContents Preface ; Books by Francis Bennion ; The Code: Summary of Parts; The Code: Arrangement of Sections ; How to Use This Book; Table of Statutes xxxv Table of Statutory Instruments ; Table of Foreign Enactments ; Table of European Material ; Table of Cases ; Introduction ; The Code ; Appendix A ; Appendix B ; Appendix C ; Appendix D; Appendix E ; Appendix F ; Appendix G ; Appendix H ; Appendix ; Bibliography ; Index
650 _a1.Interpretation - Statutes2.Statutory Interpretation
700 _a
_a
942 _2ddc
_cBK